[Event "Collado Villalba op 38th"]
[Site "Collado Villalba"]
[Date "2021.08.27"]
[Round "7"]
[White "Perdomo Araujo, Angel Eduardo"]
[Black "Rodriguez del Moral, Angel"]
[Result "1-0"]
[WhiteElo "2025"]
[BlackElo "1719"]
[PlyCount "38"]
[EventDate "2021.08.21"]
[EventType "swiss"]
[EventRounds "9"]
[EventCountry "ESP"]
[SourceTitle "CBM 204 Extra"]
[Source "ChessBase"]
[SourceDate "2021.11.30"]
[SourceVersion "1"]
[SourceVersionDate "2021.11.30"]
[SourceQuality "1"]

1. e4 g6 2. d4 Bg7 3. Nf3 d6 4. Bc4 Bg4 5. Bxf7+ Kf8 6. Bb3 h6 7. h3 Bd7 8. Nh4 e6 9. Nxg6+ Ke8 10. Nxh8 Bxh8 11. Qh5+ Kf8 12. Bxh6+ Nxh6 13. Qxh6+ Bg7 14. Qf4+ Kg8 15. c3 Nc6 16. Nd2 Qe7 17. Nf3 Re8 18. Qg4 Na5 19. Qg5 Qf7 1-0

[Event "Collado Villalba op 38th"]
[Site "Collado Villalba"]
[Date "2021.08.24"]
[Round "4"]
[White "Garcia Fernandez, Jesus"]
[Black "Rodriguez del Moral, Angel"]
[Result "1-0"]
[WhiteElo "1900"]
[BlackElo "1719"]
[PlyCount "143"]
[EventDate "2021.08.21"]
[EventType "swiss"]
[EventRounds "9"]
[EventCountry "ESP"]
[SourceTitle "CBM 204 Extra"]
[Source "ChessBase"]
[SourceDate "2021.11.30"]
[SourceVersion "1"]
[SourceVersionDate "2021.11.30"]
[SourceQuality "1"]

1. d4 Nf6 2. Bf4 g6 3. e3 d6 4. Nf3 Bg7 5. Be2 Nh5 6. Bg5 Nf6 7. h3 Nbd7 8. 0-0 b6 9. a4 Bb7 10. c3 0-0 11. Nbd2 c5 12. a5 a6 13. axb6 Qxb6 14. Nc4 Qc7 15. Na5 Bc8 16. Qc2 Nb6 17. Nd2 cxd4 18. exd4 d5 19. Bd3 Nh5 20. Rfe1 Re8 21. Nf3 Nf4 22. Bf1 Bf5 23. Qd2 Ne6 24. Bh4 Nf4 25. Bg5 Ne6 26. Be3 Be4 27. Ne5 Nc4 28. Nexc4 dxc4 29. Bxc4 Rad8 30. b4 Qd6 31. Nb3 Nc7 32. Nc5 Bd5 33. Bxd5 Qxd5 34. Nxa6 Nxa6 35. Rxa6 e5 36. Ra5 Qe6 37. Rd1 exd4 38. Bxd4 Bxd4 39. cxd4 Rd5 40. Qa2 Red8 41. Rxd5 Rxd5 42. Qc4 Qd7 43. Ra1 Rxd4 44. Ra8+ Kg7 45. Qc3 Kh6 46. Ra1 Rd3 47. Qc1+ Kg7 48. Qb2+ Kh6 49. b5 Rd5 50. Rb1 Qb7 51. b6 Rd6 52. Qc1+ Kg7 53. Qc7 Rd7 54. Qxb7 Rxb7 55. Kf1 Kf6 56. Ke2 Ke6 57. Ke3 f6 58. Kd4 Kd6 59. g4 Kc6 60. f4 Rd7+ 61. Kc4 Rb7 62. Rb2 f5 63. gxf5 gxf5 64. Rb1 Rb8 65. Kd4 Kd6 66. b7 h6 67. h4 Kc7 68. Ke5 Re8+ 69. Kxf5 Kb8 70. Rb4 Rg8 71. Ke6 Rg1 72. f5 1-0

[Event "Collado Villalba op 38th"]
[Site "Collado Villalba"]
[Date "2021.08.23"]
[Round "3"]
[White "Rodriguez del Moral, Angel"]
[Black "Carrillo Castano, Javier"]
[Result "1-0"]
[WhiteElo "1719"]
[BlackElo "1391"]
[PlyCount "87"]
[EventDate "2021.08.21"]
[EventType "swiss"]
[EventRounds "9"]
[EventCountry "ESP"]
[SourceTitle "CBM 204 Extra"]
[Source "ChessBase"]
[SourceDate "2021.11.30"]
[SourceVersion "1"]
[SourceVersionDate "2021.11.30"]
[SourceQuality "1"]

1. Nf3 Nf6 2. d4 g6 3. Bf4 Bg7 4. h3 d6 5. e3 0-0 6. Be2 Nbd7 7. Nbd2 b6 8. 0-0 Bb7 9. c3 c5 10. Re1 Ne4 11. Nxe4 Bxe4 12. Nd2 Bb7 13. Bg5 h6 14. Bh4 Nf6 15. g4 g5 16. Bg3 Qd7 17. Bd3 Qc6 18. e4 e6 19. Qe2 Nd7 20. Bb5 Qc7 21. Nc4 e5 22. d5 Nf6 23. Nd2 a6 24. Ba4 b5 25. Bc2 Bc8 26. Nf1 Bd7 27. Ne3 h5 28. f3 Qb6 29. Bf2 h4 30. Qd2 Nh7 31. a4 Rfd8 32. b4 Bf8 33. Reb1 Qc7 34. c4 Rdb8 35. Bd3 Qb7 36. bxc5 dxc5 37. cxb5 axb5 38. Bxb5 Bxb5 39. Rxb5 Qxb5 40. axb5 Rxa1+ 41. Kg2 Rxb5 42. d6 Ra8 43. Nf5 Nf6 44. Qxg5+ 1-0

[Event "Collado Villalba op-B 35th"]
[Site "Collado Villalba"]
[Date "2018.08.31"]
[Round "8"]
[White "Garcia Lopez, Fernando"]
[Black "Rodriguez del Moral, Angel"]
[Result "0-1"]
[WhiteElo "1558"]
[BlackElo "1728"]
[PlyCount "106"]
[EventDate "2018.08.24"]
[EventType "swiss"]
[EventRounds "9"]
[EventCountry "ESP"]
[SourceTitle "CBM 186 Extra"]
[Source "ChessBase"]
[SourceDate "2018.08.24"]
[SourceVersion "1"]
[SourceVersionDate "2018.08.24"]
[SourceQuality "1"]

1. e4 c5 2. Nf3 Nc6 3. d4 cxd4 4. Nxd4 Nf6 5. Nc3 e5 6. Ndb5 d6 7. Bg5 a6 8. Na3 b5 9. Nd5 Be7 10. Nxe7 Qxe7 11. c3 Be6 12. Nc2 Rd8 13. Ne3 Qb7 14. Nd5 Bxd5 15. Bxf6 gxf6 16. Qxd5 Na5 17. Qxb7 Nxb7 18. a4 bxa4 19. Rxa4 0-0 20. f3 Nc5 21. Ra3 a5 22. Bc4 a4 23. 0-0 Rb8 24. Ra2 Rb6 25. Rd1 Rfb8 26. Rd2 Kg7 27. g4 Kg6 28. Kf2 Kg5 29. Bxf7 Kf4 30. Ke2 R8b7 31. Bd5 Rg7 32. Kf2 h5 33. h3 hxg4 34. hxg4 Rh7 35. Kg1 Rh3 36. Kg2 Rg3+ 37. Kf1 Rb8 38. Rg2 Rxf3+ 39. Rf2 Rh8 40. Rxf3+ Kxf3 41. Ke1 Rh2 42. Bc4 Nxe4 43. b4 Rh1+ 44. Bf1 Ng3 45. Rf2+ Ke4 46. Rxf6 Rxf1+ 47. Rxf1 Nxf1 48. Kd1 Ne3+ 49. Kc1 Nxg4 50. b5 Nf6 51. b6 Nd7 52. b7 Kd5 53. Kb2 e4 0-1

[Event "Collado Villalba op-B 34th"]
[Site "Collado Villalba"]
[Date "2017.08.29"]
[Round "8"]
[White "Fernandez Martinez, Luis"]
[Black "Rodriguez del Moral, Angel"]
[Result "0-1"]
[WhiteElo "1634"]
[BlackElo "1769"]
[PlyCount "60"]
[EventDate "2017.08.22"]
[EventType "swiss"]
[EventRounds "9"]
[EventCountry "ESP"]
[SourceTitle "CBM 180 Extra"]
[Source "ChessBase"]
[SourceDate "2017.10.06"]
[SourceVersion "1"]
[SourceVersionDate "2017.10.06"]
[SourceQuality "1"]

1. e4 d5 2. e5 c5 3. Bb5+ Nc6 4. Nf3 Bg4 5. 0-0 a6 6. Bxc6+ bxc6 7. d3 e6 8. Nbd2 h6 9. b3 Ne7 10. h3 Bh5 11. Qe1 g5 12. g4 Bg6 13. Bb2 Nc8 14. Nh2 Be7 15. f3 Nb6 16. Qe2 Nd7 17. Qf2 Qc7 18. f4 gxf4 19. Rae1 Qd8 20. Nhf3 h5 21. Kg2 hxg4 22. hxg4 Qc7 23. Rh1 0-0-0 24. Nh4 Bxh4 25. Rxh4 Rdg8 26. Rxh8 Rxh8 27. Qxf4 Qd8 28. Nf3 Qa5 29. a4 d4 30. Ng5 Qxe1 0-1

[Event "Collado Villalba op-B 29th"]
[Site "Collado Villalba"]
[Date "2012.08.29"]
[Round "6"]
[White "Rodriguez del Moral, Angel"]
[Black "Martinez Martinez, Manuel II"]
[Result "1-0"]
[WhiteElo "1780"]
[BlackElo "1700"]
[PlyCount "55"]
[EventDate "2012.08.24"]
[EventType "swiss"]
[EventRounds "9"]
[EventCountry "ESP"]
[SourceTitle "CBM 150 Extra"]
[Source "ChessBase"]
[SourceDate "2012.10.19"]
[SourceVersion "1"]
[SourceVersionDate "2012.10.19"]
[SourceQuality "1"]

1. d4 Nf6 2. Nf3 d5 3. Bg5 Nbd7 4. e3 e6 5. Nbd2 Be7 6. Bd3 c6 7. c3 Qc7 8. Bf4 Bd6 9. Bg3 0-0 10. Qc2 h6 11. e4 dxe4 12. Bxe4 Re8 13. 0-0-0 b5 14. c4 Ng4 15. Rdf1 Ba6 16. Bd3 Bxg3 17. hxg3 bxc4 18. Nxc4 Bxc4 19. Bxc4 Nb6 20. Bb3 Rac8 21. Rh4 f5 22. Qxf5 Nd5 23. Qxg4 Nf6 24. Bxe6+ Kf8 25. Qf5 Rb8 26. Ne5 Ke7 27. Bb3 Rb5 28. Qe6+ 1-0

[Event "Collado Villalba op-B 29th"]
[Site "Collado Villalba"]
[Date "2012.08.25"]
[Round "2"]
[White "Rodriguez del Moral, Angel"]
[Black "Tirado Parra, Alberto"]
[Result "0-1"]
[WhiteElo "1780"]
[BlackElo "1929"]
[PlyCount "67"]
[EventDate "2012.08.24"]
[EventType "swiss"]
[EventRounds "9"]
[EventCountry "ESP"]
[SourceTitle "CBM 150 Extra"]
[Source "ChessBase"]
[SourceDate "2012.10.19"]
[SourceVersion "1"]
[SourceVersionDate "2012.10.19"]
[SourceQuality "1"]

1. d4 f5 2. Nf3 Nf6 3. c4 e6 4. g3 d5 5. Bg2 c6 6. 0-0 Bd6 7. c5 Bc7 8. Bd2 a5 9. Nc3 0-0 10. a3 Nbd7 11. b4 e5 12. dxe5 Nxe5 13. Nd4 Qe7 14. Bf4 Ne4 15. Qc2 Bd7 16. Na4 g5 17. Bc1 Nc4 18. f3 Be5 19. e3 Qg7 20. Nb2 Bxd4 21. exd4 Qxd4+ 22. Kh1 Nxb2 23. fxe4 Nd3 24. Bxg5 fxe4 25. Bf4 axb4 26. a4 b3 27. Qxb3 Nxc5 28. Qc2 Nd3 29. Qd2 Rae8 30. Bh6 e3 31. Rxf8+ Rxf8 32. Qa2 Rf7 33. Qa3 Qb2 34. Bxe3 0-1

[Event "Collado Villalba op 28th"]
[Site "Collado Villalba"]
[Date "2011.08.26"]
[Round "4"]
[White "Callejo Hernanz, Jesus Maria"]
[Black "Rodriguez del Moral, Angel"]
[Result "0-1"]
[WhiteElo "1806"]
[BlackElo "1813"]
[PlyCount "72"]
[EventDate "2011.08.23"]
[EventType "swiss"]
[EventRounds "9"]
[EventCountry "ESP"]
[SourceTitle "CBM 144 Extra"]
[Source "ChessBase"]
[SourceDate "2011.10.28"]
[SourceVersion "1"]
[SourceVersionDate "2011.10.28"]
[SourceQuality "1"]

1. d4 Nf6 2. c4 e6 3. Nf3 c5 4. g3 cxd4 5. Nxd4 a6 6. Bg2 Bc5 7. 0-0 0-0 8. Nc3 Nc6 9. Nc2 h6 10. Bf4 d6 11. a3 Nh5 12. Be3 Qc7 13. b4 Bxe3 14. Nxe3 Ne5 15. Rc1 Nf6 16. Qb3 Bd7 17. b5 Qb6 18. Rfd1 Rfd8 19. Qb4 Be8 20. Na4 Qc7 21. Rc2 Rac8 22. Nb2 d5 23. Qb3 b6 24. Rcd2 Kf8 25. Nc2 Nxc4 26. Nxc4 Qxc4 27. Qxc4 Rxc4 28. Nd4 a5 29. e4 Rdc8 30. exd5 exd5 31. Nf5 Rc1 32. a4 Rxd1+ 33. Rxd1 Rc4 34. Nd6 Rxa4 35. Nc8 Bxb5 36. Nxb6 Ra3 0-1

[Event "Collado Villalba op 28th"]
[Site "Collado Villalba"]
[Date "2011.08.24"]
[Round "2"]
[White "Madurga Lopez, Ignacio"]
[Black "Rodriguez del Moral, Angel"]
[Result "1-0"]
[WhiteElo "2036"]
[BlackElo "1813"]
[PlyCount "63"]
[EventDate "2011.08.23"]
[EventType "swiss"]
[EventRounds "9"]
[EventCountry "ESP"]
[SourceTitle "CBM 144 Extra"]
[Source "ChessBase"]
[SourceDate "2011.10.28"]
[SourceVersion "1"]
[SourceVersionDate "2011.10.28"]
[SourceQuality "1"]

1. e4 c5 2. Nf3 e6 3. c3 a6 4. d4 cxd4 5. cxd4 Nf6 6. Nc3 Bb4 7. Bd3 0-0 8. 0-0 Be7 9. Qe2 d6 10. Bg5 Nbd7 11. e5 Ne8 12. Bf4 d5 13. Rac1 b5 14. Bb1 Nb6 15. Qd3 g6 16. h4 Bxh4 17. g3 Be7 18. Bh6 Ng7 19. Kg2 Nc4 20. Rh1 f5 21. exf6 Bxf6 22. Bxg7 Bxg7 23. Rxh7 Qf6 24. Rh4 Nd6 25. Rg4 Nf5 26. Ne5 Ne7 27. f4 Nf5 28. Rxg6 Nh4+ 29. gxh4 Qxf4 30. Rxg7+ Kxg7 31. Qg6+ Kh8 32. Qh7# 1-0